| 000 | 00966aas a2200217 4500 | ||
|---|---|---|---|
| 999 |
_c53860 _d53860 |
||
| 001 | 768714001 | ||
| 003 | CO-MdFUSB | ||
| 005 | 20171128144217.0 | ||
| 008 | 170808s1997 xxu||||| |||| 00| 0 eng d | ||
| 022 | _a0098-9444 | ||
| 040 |
_aCO-MdFUSB _bspa _cCO-MdFUSB _dCO-MdFUSB |
||
| 041 | _aeng | ||
| 100 | 1 |
_aShiloh, Dina _eautor |
|
| 242 |
_aBatalla por los huesos : _bla feroz protesta por los huesos amenaza con detener la arqueología en Israel |
||
| 245 | 1 | 0 |
_aBattle over bones : _bfierce protest over bones threatens to halt archaeology in Israel _c/ Dina Shiloh |
| 300 |
_aVolumen 23. Número 6 (1997), páginas 54-55 _c: 28 cm. |
||
| 520 | 1 | _aLas líneas de batalla entre los ultraortodoxos y los arqueólogos están más marcadamente dibujadas que nunca, y los arqueólogos no están ganando. | |
| 546 | _aTexto en inglés | ||
| 773 | 0 |
_tBiblical Archaeology Review _049395 _959487 _gVolumen 23. Número 6 (1997), páginas 54-55 _qPágina 54 |
|
| 942 | _cANA | ||